|
|
|
|
| LEADER |
02439pam a22005537a 4500 |
| 001 |
AALProQuestebook00010 |
| 003 |
BD-DhAAL |
| 005 |
20220113141702.0 |
| 006 |
m||||||||d|||||||| |
| 008 |
211227s2013\\\\enka\\\\sb\\\\001\0\eng\d |
| 999 |
|
|
|c 43377
|d 43377
|
| 010 |
|
|
|a 2012034908
|
| 020 |
|
|
|a 9781441113009 (ebook)
|
| 020 |
|
|
|a 9781441193629 (hardcover : alk. paper)
|
| 020 |
|
|
|a 9781441134509 (pdf : alk. paper)
|
| 035 |
|
|
|a (MiAaPQ)EBC1080352
|
| 035 |
|
|
|a (Au-PeEL)EBL1080352
|
| 035 |
|
|
|a (CaPaEBR)ebr10632566
|
| 035 |
|
|
|a (CaONFJC)MIL416586
|
| 035 |
|
|
|a (OCoLC)820029337
|
| 040 |
|
|
|a MiAaPQ
|c MiAaPQ
|d MiAaPQ
|d BD-DhAAL
|
| 042 |
|
|
|a pcc
|
| 050 |
0 |
0 |
|a P53.28
|b .C678 2013
|
| 082 |
0 |
0 |
|a 418.00785
|2 23
|
| 245 |
0 |
0 |
|a Contemporary computer-assisted language learning
|h [electronic resource] /
|c edited by Michael Thomas, Hayo Reinders and Mark Warschauer.
|
| 260 |
|
|
|a London ;
|a New York :
|b Bloomsbury Academic,
|c 2013.
|
| 263 |
|
|
|a 1301
|
| 300 |
|
|
|a xxiii, 389 pages :
|b illustrations.
|
| 490 |
0 |
|
|a Contemporary studies in linguistics
|
| 500 |
|
|
|a <strong>Off-Campus Access:</strong> Athens ID and Password Required
|
| 500 |
|
|
|a <strong>On-Campus Access:</strong> No User ID or Password Required
|
| 500 |
|
|
|a Access type: Perpetual access for unlimited users
|
| 504 |
|
|
|a Includes bibliographical references and index.
|
| 526 |
|
|
|a ENH
|x Asifa Sultana,
Associate Professor
|
| 538 |
|
|
|a Mode of access: Internet
|
| 541 |
|
|
|a ProQuest
|h USD 240
|
| 650 |
|
0 |
|a Language and languages
|x Computer-assisted instruction
|x Research.
|9 43651
|
| 650 |
|
0 |
|a Language and languages
|x Research
|x Methodology.
|9 43652
|
| 650 |
|
0 |
|a Language acquisition
|x Research
|x Methodology.
|9 43653
|
| 655 |
|
|
|a Electronic books.
|9 44985
|
| 700 |
1 |
|
|a Thomas, Michael,
|d 1969-
|9 43655
|
| 700 |
1 |
|
|a Reinders, Hayo.
|9 43656
|
| 700 |
1 |
|
|a Warschauer, Mark.
|9 43657
|
| 710 |
|
|
|a ProQuest (Firm)
|9 43658
|
| 830 |
|
|
|a Contemporary studies in linguistics
|9 43659
|
| 852 |
|
|
|a Ayesha Abed Library
|
| 856 |
|
|
|z Full text available on ProQuest
|u https://ebookcentral.proquest.com/lib/bracu/detail.action?docID=1080352
|
| 942 |
|
|
|2 ddc
|c EBK
|
| 952 |
|
|
|0 0
|1 0
|2 ddc
|4 0
|6 418_007850000000000_CON
|7 0
|9 69625
|a BRACUL
|b BRACUL
|d 2021-12-27
|e ProQuest
|g 20581.58
|l 0
|o 418.00785 CON
|r 2021-12-27
|t 1
|w 2021-12-27
|y EBK
|x As discussed with Acquisition team, according to invoice date (20.12.2021) of the ebook, converted USD 240.00 to BDT 20,581.58..
|